000 00736nam a2200241Ia 4500
003 GCL
008 140319s9999 xx 000 0 ara d
040 _aGCL /
_cGCL
082 0 4 _aق
_b329.962
_bا ح
100 1 _aاحمد زكريا الشلق
245 1 0 _aحزب الاحرار الدستورين 1953-1922 /
_cاحمد زكريا الشلق
260 _a[S.N] :
_bدار المعارف ،
_c1982
300 _a547 ص
490 _a
650 0 4 _aالعصر الحديث
650 0 4 _aمصر
650 0 4 _aتاريخ
650 0 4 _aالاحوال السياسية
650 0 4 _aالاحزاب السياسية
650 0 4 _aالمعارضة ( سياسة )
650 0 4 _aالثورة الوطنية
942 _2ddc
_cBK
999 _c30432
_d30432